Library of the University of Algiers 3
Ibrahim Sultan Cheibout
شعار جامعة الجزائر 3
مكتبة جامعة الجزائر 3
إبراهيم سلطان شيبوط

الارجونوميكس في المجال الرياضي (رقم التسجيلة. 11630)

تفاصيل مارك
000 -LEADER
fixed length control field 01138nam a2200205Ia 4500
003 - CONTROL NUMBER IDENTIFIER
control field IEPS
005 - DATE AND TIME OF LATEST TRANSACTION
control field 20250703135248.0
008 - FIXED-LENGTH DATA ELEMENTS--GENERAL INFORMATION
fixed length control field 250223s9999||||xx |||||||||||||| ||und||
040 ## - CATALOGING SOURCE
-- IEPS
041 ## - LANGUAGE CODE
Language code of text/sound track or separate title ara
082 ## - DEWEY DECIMAL CLASSIFICATION NUMBER
Classification number 613.6
100 ## - MAIN ENTRY--PERSONAL NAME
Personal name محمد حسن زكي محمد
245 #0 - TITLE STATEMENT
Title الارجونوميكس في المجال الرياضي
245 #0 - TITLE STATEMENT
Remainder of title المعارف و المعلومات الخاصة بقانون العمل البدني
260 ## - PUBLICATION, DISTRIBUTION, ETC.
Place of publication, distribution, etc. الاسكندرية
Name of publisher, distributor, etc. المكتبة المصرية للطباعة و النشر و التوزيع
Date of publication, distribution, etc. 2004
300 ## - PHYSICAL DESCRIPTION
Extent 276 ص.
Other physical details مخططات، رسوم
Dimensions 24 سم.
520 ## - SUMMARY, ETC.
Summary, etc. علم الارجونوميكس هو ناحية تطبيقية بحتة للمعلومات العلمية على الناس ،شمل تاريخ و أراء حول هذا العلم ،كما عرض الارجونوميكس البدني و أهميته للسلامة و الصحة مع النظر إلى العوامل التشريعية ، الوظيفية المؤثرة في الارجونوميكس و قدم بعض برامجه.
653 ## - INDEX TERM--UNCONTROLLED
Uncontrolled term الارجونوميكس
942 ## - ADDED ENTRY ELEMENTS (KOHA)
Koha item type كتب
المقتنيات
Withdrawn status Lost status Source of classification or shelving scheme Damaged status Not for loan Home library Current library Date acquired Inventory number Total checkouts Full call number Barcode Date last seen Copy number Price effective from Koha item type
    Dewey Decimal Classification   NOT LOAN / إعارة داخلية مكتبة معهد التربية البدنية و الرياضية مكتبة معهد التربية البدنية و الرياضية 23/02/2025 invar1365   613.6 م ح ا / 1 invar1365 23/02/2025 ل ع 677 / 1 23/02/2025 كتب
    Dewey Decimal Classification   Available مكتبة معهد التربية البدنية و الرياضية مكتبة معهد التربية البدنية و الرياضية 23/02/2025 invar1366   613.6 م ح ا / 2 invar1366 23/02/2025 ل ع 677 / 2 23/02/2025 كتب
    Dewey Decimal Classification   Available مكتبة معهد التربية البدنية و الرياضية مكتبة معهد التربية البدنية و الرياضية 23/02/2025 invar2026   613.6 م ح ا / 3 invar2026 23/02/2025 ل ع 677 / 3 23/02/2025 كتب
    Dewey Decimal Classification   Available مكتبة معهد التربية البدنية و الرياضية مكتبة معهد التربية البدنية و الرياضية 23/02/2025 invar2027   613.6 م ح ا / 4 invar2027 23/02/2025 ل ع 677 / 4 23/02/2025 كتب
    Dewey Decimal Classification   Available مكتبة معهد التربية البدنية و الرياضية مكتبة معهد التربية البدنية و الرياضية 23/02/2025 invar2954   613.6 م ح ا / 5 invar2954 23/02/2025 ل ع 677 / 5 23/02/2025 كتب
    Dewey Decimal Classification   Available مكتبة معهد التربية البدنية و الرياضية مكتبة معهد التربية البدنية و الرياضية 23/02/2025 invar2955   613.6 م ح ا / 6 invar2955 23/02/2025 ل ع 677 / 6 23/02/2025 كتب
    Dewey Decimal Classification   Available مكتبة معهد التربية البدنية و الرياضية مكتبة معهد التربية البدنية و الرياضية 23/02/2025 invar2956   613.6 م ح ا / 7 invar2956 23/02/2025 ل ع 677 / 7 23/02/2025 كتب

موارد الويب المفتوحة


© University of Algiers 3 All Rights Reserved
|
Implemented by LECHELAH Riad